| 000 | 00393nam a2200181Ia 4500 | ||
|---|---|---|---|
| 003 | 0STCL | ||
| 008 | 150530s9999 xx 000 0 und d | ||
| 040 |
_aSTCL _cSTCL |
||
| 100 | _aMackenzie Mure Agnes | ||
| 245 | _aWomen in Shakespeares plays | ||
| 250 | _aFirst | ||
| 260 | _c1924 | ||
| 300 | _a0 | ||
| 546 | _aEnglish | ||
| 942 |
_2ddc _cBK |
||
| 999 |
_c55422 _d55422 |
||
| 005 | 20220125170952.0 | ||